Star Trek: Voyager Trivia - Statistics

General Stats
  • This quiz has been taken 15 times
  • The average score is 10 of 15
Answer Stats
Hint Answer % Correct
Quadrant which the Voyager crew gets stranded in Delta
100%
Captain of Voyager Kathryn Janeway
100%
Evil race intent on assimilating Voyager Borg
87%
First officer of Voyager Chakotay
87%
Voyager's head cook Neelix
87%
Tom Paris builds a new class of one of these Shuttle
80%
Borg who was rescued by Voyager and separated from the collective Seven
73%
Race of the above Talaxian
73%
Name of the above Delta Flyer
60%
A hunting-based, nomadic race that encounters Voyager many times Hirogen
53%
Delta Quadrant race which is the main antagonist in early seasons Kazon
53%
Distance, in light years, Voyager needed to travel 70,000
47%
Original name of above Annika Hansen
40%
Time it take to travel the distance above in years 75
33%
Class of starship Voyager falls under Intrepid-Class
33%
No matching quizzes found
Score Distribution
Percent of People with Each Score
Percentile by Number Answered
Your Score History
You have not taken this quiz